000 004760000a22001690004500
041 0 _aENG
082 0 4 _aG 301 R6581m
100 1 _aRobinson, James Harvey
245 1 0 _aThe mind in the making : The relation of intelligence to social reform / James Harvey Robinson
260 _aNew York, USA : Harper
300 _a235 Pag
001 9230
942 _cBK
999 _c39292
_d39292
336 _atexto
_btxt
_2rdacontent
337 _2rdamedia
_asin mediación
_bn
338 _2rdacarrier
_avolumen
_bnc